[Event "Hoogovens"]
[Site "Wijk aan Zee 61"]
[Date "1999.??.??"]
[Round "5"]
[White "Shirov, Alexei"]
[Black "Svidler, Peter"]
[Result "1/2-1/2"]
[WhiteElo "2725"]
[BlackElo "2710"]
[Annotator "JvR"]
[PlyCount "81"]
[EventDate "1999.??.??"]
[EventCountry "NED"]

1. e4 c5 2. Nf3 d6 3. d4 cxd4 4. Nxd4 Nf6 5. Nc3 a6 6. Be3 e5 7. Nb3 Be6 8. f3
Nbd7 9. g4 b5 10. g5 b4 $5 ({Usual was} 10... Nh5 11. Qd2 {(Topalov-Gelfand,
Madrid 1996).}) 11. Nd5 $5 ({Known is} 11. gxf6 bxc3 12. fxg7 Bxg7 {from
Saltaev-Zagrebelny, Tashkent 1988).}) ({A new move will become} 11. Ne2 $1 {
(Adams-Svidler, Dos Hermanas 1999).}) 11... Nxd5 12. exd5 Bf5 13. Bd3 $1 Bxd3
14. Qxd3 Be7 15. h4 O-O 16. O-O-O a5 {The players seek the confrontation.} 17.
Nd2 f5 18. gxf6 Nxf6 19. h5 Qc8 20. h6 g6 21. Rhg1 {White threatens Rxg6+.} ({
Svidler will play, as White,} 21. Rdg1 {against Gallagher in Biel 2000.}) 21...
Kh8 $6 ({The complications of} 21... Qa6 $1 22. Rxg6+ $1 (22. Nc4 Nh5) 22...
Kh8 23. Qxa6 Rxa6 24. Rg7 Nxd5 25. Ne4 Nxe3 26. Rxe7 d5 27. Rd3 d4 28. Rxe5
Rxh6 29. Rxd4 Rh2 {equalise.}) 22. f4 Ng4 23. fxe5 Nxe5 24. Bd4 Bf6 25. Qe3 Qc7
26. Ne4 Rac8 27. Rg2 Kg8 28. Qh3 $1 {Black has to accept passivity.} Rce8 29.
Rf2 Bh8 30. Rxf8+ Kxf8 31. b3 $6 {This weakening gives counter-play.} (31. Re1
Kg8 32. Kb1 {keeps a plus.}) 31... Kg8 32. Ng5 Qb7 33. Bxe5 Bxe5 34. Rf1 Bd4 ({
Svidler sees} 34... Qxd5 $4 35. Qd7) 35. Kb1 Be3 36. Ne6 ({Shirov avoids} 36.
Rf7 $4 Bxg5 $1 37. Rxb7 Re1+ 38. Kb2 Bc1+ 39. Kb1 Ba3#) 36... Bd2 37. Qh2 $6
Qxd5 $1 38. Qf2 $1 Qf5 $6 (38... Qxe6 39. Qxd2 Rc8 {is better.}) 39. Qg2 Rxe6
40. Qa8+ Kf7 41. Qb7+ (41. Rxf5+ gxf5 42. Qd5 Bc3 43. Qxf5+ Ke7 44. Qxh7+ Kf8
$11 {(Shirov).}) 1/2-1/2

[Event "Hoogovens"]
[Site "Wijk aan Zee 61"]
[Date "1999.??.??"]
[Round "5"]
[White "Sokolov, Ivan"]
[Black "Anand, Viswanathan"]
[Result "1/2-1/2"]
[WhiteElo "2610"]
[BlackElo "2780"]
[Annotator "JvR"]
[PlyCount "45"]
[EventDate "1999.??.??"]
[EventCountry "NED"]

1. d4 d5 2. c4 dxc4 3. Nf3 a6 4. e3 e6 5. Bxc4 c5 6. O-O Nf6 7. Bb3 Nc6 8. Nc3
cxd4 9. exd4 Be7 10. Re1 O-O 11. Bg5 b5 12. d5 Nxd5 13. Bxd5 exd5 14. Qxd5 Qxd5
15. Nxd5 Bxg5 16. Nxg5 Bb7 17. Ne4 Rfd8 (17... Nd4 $1 {drew in Sokolov-Sadler,
Hastings 1998.}) 18. Rad1 ({After} 18. Nb6 $1 Rab8 19. Nc5 {the answer} Nb4 $1
20. Rad1 Bc6 $1 21. a3 Nc2 {is needed (Huzman).}) 18... Nd4 19. Nb6 (19. Nc7
Rac8 20. Nc5 f6 $1 21. Nxb7 Ne2+ 22. Kf1 Rxd1 23. Rxd1 Rxc7 $11) 19... Rab8 20.
Nc5 Bc6 21. Nbd7 Bxd7 22. Rxd4 Be6 23. Nxe6 {Super trio: Kasparov 4 1/2, Anand
4, Kramnik 3.} 1/2-1/2

[Event "Hoogovens"]
[Site "Wijk aan Zee 61"]
[Date "1999.??.??"]
[Round "6"]
[White "Ivanchuk, Vassily"]
[Black "Anand, Viswanathan"]
[Result "1/2-1/2"]
[WhiteElo "2710"]
[BlackElo "2780"]
[Annotator "JvR"]
[PlyCount "47"]
[EventDate "1999.??.??"]
[EventCountry "NED"]

1. c4 e5 2. Nc3 Nf6 3. Nf3 Nc6 4. g3 Bc5 5. Nxe5 Bxf2+ 6. Kxf2 Nxe5 7. e4 c5 8.
d4 $1 ({Theory is} 8. d3 {(Botvinnik-Keres, Moscow 1966).}) 8... cxd4 9. Qxd4
O-O $1 10. Bf4 $1 d6 11. h3 Be6 12. Be2 Qc8 13. Rac1 Bxh3 $5 {Black
counterattacks at once.} 14. Nd5 Qe6 $1 (14... Nxd5 $2 15. cxd5 Qd7 16. Bxe5
dxe5 17. Qxe5 {(Anand).}) 15. Nc7 Qe7 16. Nxa8 Nc6 17. Qe3 Nxe4+ 18. Kf3 Bf5 $1
19. Bd3 ({Black survives in} 19. g4 $1 Bg6 20. Bd3 Re8 21. Rhe1 Qd8 $1 22. Bxe4
Bxe4+ 23. Qxe4 $5 Rxe4 24. Rxe4 Qxa8 25. Rce1 Ne5+ 26. Bxe5 dxe5 27. Rxe5 Kf8)
19... Re8 20. Rhe1 Qd8 21. Kg2 Qxa8 22. Qf3 $1 Nd4 23. Qe3 Nc6 24. Qf3 1/2-1/2

[Event "Hoogovens"]
[Site "Wijk aan Zee 61"]
[Date "1999.??.??"]
[Round "6"]
[White "Kasparov, Gary"]
[Black "Piket, Jeroen"]
[Result "1-0"]
[WhiteElo "2810"]
[BlackElo "2605"]
[Annotator "JvR"]
[PlyCount "81"]
[EventDate "1999.??.??"]
[EventCountry "NED"]

1. e4 e5 2. Nf3 Nf6 3. d4 Nxe4 4. Bd3 d5 5. Nxe5 Nd7 6. Nxd7 Bxd7 7. O-O Bd6 8.
c4 c6 9. cxd5 cxd5 10. Qh5 O-O 11. Qxd5 Bc6 12. Qh5 g6 13. Qh3 Ng5 14. Qg4 ({
Kasparov diverts from} 14. Bxg5) 14... Ne6 15. Bh6 Re8 16. Nc3 Bf4 17. Bxf4
Qxd4 18. Be4 f5 19. Qd1 Qxd1 20. Rfxd1 fxe4 $6 {Black weakens his pawn
structure.} ({He can equalise with} 20... Nxf4 21. Bxc6 bxc6 22. Rd7 Rad8 $1
23. Rxa7 Rd2 24. Rb7 Ne2+ 25. Nxe2 Rexe2 26. Rf1 Rxb2 {(Blatny).}) 21. Be3 Kf7
22. b4 $1 b6 23. a4 Red8 24. h3 Rd3 25. Rdc1 $1 Ke7 $5 (25... Nd4 26. Bxd4 Rxd4
27. Ne2 Rd6 28. b5 {is awful (Kasparov).}) 26. b5 Bb7 27. a5 bxa5 28. Rxa5 a6
29. bxa6 Rxa6 30. Rxa6 Bxa6 31. Nxe4 Bb7 32. Bc5+ $1 Kd8 $1 33. Nf6 h5 34. Bb4
$6 {Black has lost a pawn but not the game.} Rd4 $2 (34... Bxg2 $1 35. Kxg2
Nf4+ 36. Kf1 Rxh3 37. Rd1+ Kc8 {(Kasparov)} 38. Ke1 Nd3+ 39. Rxd3 Rxd3 $11) 35.
Re1 Bc8 36. Bc3 Rd3 37. Be5 Bb7 38. Bg3 Ke7 39. Ng8+ Kd7 40. Nh6 Bc6 $4 (40...
Rd5 {continues the game.}) 41. Nf7 1-0

[Event "Hoogovens"]
[Site "Wijk aan Zee 61"]
[Date "1999.??.??"]
[Round "6"]
[White "Kramnik, Vladimir"]
[Black "Shirov, Alexei"]
[Result "1-0"]
[WhiteElo "2750"]
[BlackElo "2725"]
[Annotator "JvR"]
[PlyCount "81"]
[EventDate "1999.??.??"]
[EventCountry "NED"]

1. Nf3 Nf6 2. c4 c5 3. Nc3 d5 4. cxd5 Nxd5 5. d4 Nxc3 6. bxc3 g6 7. e4 Bg7 8.
Bb5+ Nc6 9. O-O cxd4 10. cxd4 O-O 11. Be3 Bg4 12. Bxc6 bxc6 13. Rc1 Bxf3 14.
Qxf3 Bxd4 15. Rfd1 c5 $2 ({Better is} 15... e5 16. Rxc6) 16. Rxc5 Bxe3 17. Rxd8
Bxc5 18. Rxa8 Rxa8 19. Qc3 Rc8 ({Known is} 19... Rd8 $5 20. Kf1 Bd4 21. Qc7 Bb6
22. Qxe7 $6 Rd2 $1 {(Ftacnik-Ivanchuk, Erevan 1996).}) 20. Kf1 Rc7 21. a4 Bb6
22. Qe5 Rc2 23. a5 $1 Bc5 24. f4 {Black has to build a fortress.} e6 $2 (24...
Rf2+ $2 25. Ke1 Bd6 26. Qxd6 exd6 27. Kxf2 {leads to a poor pawn ending 
(Hathaway).}) ({Kramnik suggests} 24... h5 {but} 25. f5 {is unpleasant.}) ({
The best chance seems to me} 24... f6 25. Qc7 Kf7 26. e5 f5) 25. g4 $1 Rc4 26.
Qc7 h6 27. f5 $1 gxf5 28. gxf5 exf5 29. exf5 f6 30. Qg3+ Kf8 31. Qg6 Bd4 32.
Qxh6+ Ke7 33. Qf4 Kd7 34. h4 Ra4 35. Qe4 Kd6 36. h5 Ra1+ 37. Ke2 Be5 38. Qb4+
Kd5 39. Qb7+ Kc4 40. h6 Ra2+ 41. Kf3 1-0

[Event "Hoogovens"]
[Site "Wijk aan Zee 61"]
[Date "1999.??.??"]
[Round "6"]
[White "Svidler, Peter"]
[Black "Kasimdzhanov, Rustam"]
[Result "1-0"]
[WhiteElo "2710"]
[BlackElo "2595"]
[Annotator "JvR"]
[PlyCount "63"]
[EventDate "1999.??.??"]
[EventCountry "NED"]

1. e4 c5 2. Nf3 e6 3. d4 cxd4 4. Nxd4 a6 5. Nc3 b5 6. Bd3 Qb6 7. Be3 Bc5 8. Be2
$1 ({Theory is} 8. Nce2) 8... Nc6 9. Nxc6 dxc6 (9... Bxe3 10. fxe3 dxc6 11. Qd4
Qxd4 12. exd4 {is better for White (Timman-Sokolov, Amsterdam 1999).}) 10. Bxc5
Qxc5 11. Qd3 Nf6 12. f4 e5 13. f5 Bb7 (13... O-O {has become the last cry.})
14. O-O-O Ke7 $5 15. g4 Rhd8 16. Qf3 b4 $6 ({Svidler mentions the obvious} 
16... Rxd1+ 17. Rxd1 Rd8) 17. Na4 $1 Qa5 18. b3 c5 $2 ({It is time for} 18...
h6 19. h4 Rxd1+ 20. Rxd1 Rd8 {(Svidler)} 21. g5 Rxd1+ 22. Bxd1 Ne8) 19. g5 $1
Nxe4 20. f6+ Kf8 21. Bd3 Rd4 (21... Nd6 22. Qh5 Bxh1 23. Bxh7 gxf6 24. gxf6 Ke8
25. Bf5 Nxf5 26. Qh8# {(Ftacnik).}) 22. Rde1 $1 Nd6 23. Qh5 e4 24. g6 $1 {The
fireworks have begun.} ({Svidler does not let the king flee by} 24. Qxh7 gxf6
25. gxf6 Ke8) 24... fxg6 (24... hxg6 25. Qh8#) 25. Qxh7 gxf6 26. Rhg1 $1 g5 27.
Rxg5 $1 fxg5 28. Rf1+ Ke8 29. Qg7 Kd8 30. Rf8+ Ne8 31. Qxb7 Rc8 32. Qf7 {Super
trio: Kasparov 5 1/2, Anand 4 1/2, Kramnik 4.} 1-0

[Event "Hoogovens"]
[Site "Wijk aan Zee 61"]
[Date "1999.??.??"]
[Round "7"]
[White "Anand, Viswanathan"]
[Black "Timman, Jan"]
[Result "1-0"]
[WhiteElo "2780"]
[BlackElo "2645"]
[Annotator "JvR"]
[PlyCount "79"]
[EventDate "1999.??.??"]
[EventCountry "NED"]

1. e4 e5 2. Nf3 Nc6 3. Bb5 Nf6 4. O-O Nxe4 5. d4 Be7 6. Qe2 Nd6 7. Bxc6 bxc6 8.
dxe5 Nb7 9. Nc3 O-O 10. Re1 Nc5 11. Nd4 Ne6 12. Nxe6 $5 fxe6 13. b3 $5 Qe8 14.
Be3 ({We know} 14. Bb2 Bb7 15. Qg4 $11 {(Spassky-Smyslov, Tilburg 1979).})
14... Rf5 $5 15. Ne4 a5 $6 ({The centre frees} 15... Rxe5 16. Bf4 Rf5 17. Bxc7
Qf8 $1 18. Rad1 d5) 16. Bd4 a4 17. c4 Bb7 18. Ng3 Rf4 19. Be3 Rf7 20. c5 $1 {
Timman will not be able to handle the restraint of the centre.} Ba6 21. Qd2 Bh4
$6 22. Ne4 Rf5 23. Qd4 Be7 $2 ({Necessary is} 23... axb3 {(Anand).}) 24. Ng3
Rf8 25. Qxa4 h5 26. h3 Bd3 27. Qd4 Qg6 $5 28. h4 $6 ({The messy end of this
game is avoided by} 28. Qxd7 Bh4 29. Qd4 Bxg3 30. fxg3 Rad8 31. Qh4 Rd5 32. Qg5
) 28... Rfd8 29. Bg5 Bxg5 30. hxg5 Ra3 31. Qh4 Rda8 32. Nxh5 Bc2 33. Nf4 Qh7
34. Qg4 Bxb3 35. Re3 R8a4 36. Rh3 Qf5 37. Qxf5 exf5 38. g6 Kf8 39. Rh8+ Bg8 40.
Rd1 1-0

[Event "Hoogovens"]
[Site "Wijk aan Zee 61"]
[Date "1999.??.??"]
[Round "7"]
[White "Shirov, Alexei"]
[Black "Kasparov, Gary"]
[Result "0-1"]
[WhiteElo "2725"]
[BlackElo "2810"]
[Annotator "JvR"]
[PlyCount "98"]
[EventDate "1999.??.??"]
[EventCountry "NED"]

1. e4 c5 2. Nf3 d6 3. d4 cxd4 4. Nxd4 Nf6 5. Nc3 a6 6. Be3 Ng4 7. Bg5 h6 8. Bh4
g5 9. Bg3 Bg7 10. Be2 h5 11. Bxg4 hxg4 12. O-O e6 $5 {Kasparov has analysed
this novelty with a computer at home.} 13. Qd2 {Shirov accepts the challenge.}
({Wiser is} 13. Nde2 $1 Be5 14. Bxe5 dxe5 15. Qxd8+ Kxd8 16. Nd1 $1 Nd7 17. Ne3
Nf6 18. f3 {and a better endgame.}) 13... Nd7 $1 14. Bxd6 Ne5 $1 {Exchange of
the knight leads to a terrible attack. The next sacrifice is forced.} 15. Ncb5
axb5 16. Nxb5 f6 17. Rfd1 ({Part of the preparation has to be} 17. Nc7+ $2 Kf7
18. Nxa8 Nc4 19. Qb4 Qxd6 $1 20. Qxd6 Nxd6) 17... Kf7 18. Qe2 Bd7 19. Bxe5 fxe5
20. Nd6+ Kg6 21. Rd3 $6 {Fianally Gary has to start thinking, because Alexei
made a bad move.} ({No good is} 21. Nxb7 $6 Qc7 22. Nc5 Qxc5 23. Rxd7 g3 $1 24.
hxg3 Rh7) ({Commentators prefer} 21. Qxg4 Rh4 22. Qf3 Qf6 23. Qxf6+ Bxf6 24.
Nxb7 Bc6 25. Nd6) 21... Qf6 22. Qxg4 Qf4 $1 23. h3 Qxg4 24. hxg4 Bc6 25. c4 $2
{White should change from active piece play to a passive defence.} ({He might
hold the endgame with} 25. f3 Rhd8 26. a3 Bd5 $1 27. Nf5 $1 Bc4 28. Rxd8 Rxd8
29. Nxg7 Kxg7 30. b3 Be2 31. c4 Rd2 32. c5 Bd1 33. b4 Ba4 34. Kh2) 25... Rhd8
26. f3 Bf8 27. c5 b6 $1 28. b4 bxc5 29. bxc5 Ra5 30. Rc3 Rb8 31. Rc2 Kf6 32.
Kf2 Ba4 33. Rc3 Rb2+ 34. Kg3 Rc2 35. Rc1 Rxa2 36. Rb1 Bc6 37. Rb6 Ra6 38. Rb8
Be7 39. Rc1 Ra8 40. Rb6 R2a6 41. Rbb1 Be8 42. Rh1 Bg6 43. Rb7 Rc6 44. Nf5 $5
Bf8 $5 45. Rh8 exf5 46. gxf5 Bf7 47. Kg4 Kg7 48. Rh5 Bxc5 49. Rxg5+ Kf6 {
Shirov had defeated Kramnik in 1998 and became the challenger of Kasparov. The
match did not take place. Gary showed his superiority in this game.  Super
trio: Kasparov 6 1/2, Anand 5 1/2, Kramnik 4 1/2.} 0-1

[Event "Hoogovens"]
[Site "Wijk aan Zee 61"]
[Date "1999.??.??"]
[Round "8"]
[White "Kasparov, Gary"]
[Black "Kasimdzhanov, Rustam"]
[Result "1-0"]
[WhiteElo "2810"]
[BlackElo "2595"]
[Annotator "JvR"]
[PlyCount "71"]
[EventDate "1999.??.??"]
[EventCountry "NED"]

1. d4 Nf6 2. c4 g6 3. g3 Bg7 4. Bg2 d5 5. cxd5 Nxd5 6. e4 Nb6 7. Ne2 O-O 8. O-O
Nc6 9. d5 Na5 10. Nbc3 c6 11. b3 cxd5 12. exd5 Bg4 13. Bd2 e6 14. dxe6 Bxe6 15.
Ne4 $1 {A new move starts pressure in the centre.} Nc6 ({The pointe is} 15...
Bxa1 16. Qxa1 Nd5 17. Bh6 f5 $2 18. Qe5 $1) 16. Bg5 Qxd1 $6 ({Black can play} 
16... f6 $1 17. Be3 {(Kasparov)} Bg4 18. f3 f5 $1 19. N4c3 Bh5 20. Qxd8 Raxd8 {
because of} 21. h3 $2 Nd5 $1) 17. Raxd1 h6 18. Be3 Rad8 $6 ({Better is} 18...
Nd5 $1 19. Bc5 Rfd8 20. Nd6 b6 21. Ba3 {(kasparov).}) 19. Nd6 $1 Bg4 20. f3 Bc8
21. Bc5 Bf6 22. f4 $1 Bg4 23. Ne4 Bxe2 24. Nxf6+ Kg7 25. Rxd8 Rxd8 26. Re1 Rd2
$5 27. Ne8+ Kg8 28. Nd6 Nd7 29. Be3 Rxa2 30. Bd5 {Black has to play actively.}
Nd8 $2 ({Correct is} 30... Nf6 $1 31. Bxf7+ Kg7 32. b4 Rb2 33. Bc1 Rb1) 31. b4
Rb2 32. f5 $1 gxf5 ({Kasparov analyses} 32... g5 $1 33. Rc1 $1 Kf8 34. Rc8 {
White attacks.}) 33. Nxf5 Ne6 34. Bc1 Rb1 35. Be4 $1 Ra1 36. Ne7+ ({Material
gains} 36. Ne7+ Kf8 37. Bxh6+ Kxe7 38. Rxa1) 1-0

[Event "Hoogovens"]
[Site "Wijk aan Zee 61"]
[Date "1999.??.??"]
[Round "8"]
[White "Kramnik, Vladimir"]
[Black "Sokolov, Ivan"]
[Result "1/2-1/2"]
[WhiteElo "2750"]
[BlackElo "2610"]
[Annotator "JvR"]
[PlyCount "35"]
[EventDate "1999.??.??"]
[EventCountry "NED"]

1. d4 Nf6 2. c4 g6 3. Nc3 d5 4. cxd5 Nxd5 5. e4 Nxc3 6. bxc3 Bg7 7. Bc4 O-O 8.
Ne2 c5 9. O-O Nc6 10. Be3 Bd7 11. Rb1 a6 12. dxc5 $5 Qc7 13. Nd4 Na5 14. Be2
Rfc8 15. f4 (15. Qd2 $1 e5 16. Nb3 {keeps a plus.}) 15... e5 16. fxe5 Qxe5 17.
Bd3 Qe7 18. Nb3 {Kramnik plays a tame tournament.} 1/2-1/2

[Event "Hoogovens"]
[Site "Wijk aan Zee 61"]
[Date "1999.??.??"]
[Round "8"]
[White "Svidler, Peter"]
[Black "Anand, Viswanathan"]
[Result "1/2-1/2"]
[WhiteElo "2710"]
[BlackElo "2780"]
[Annotator "JvR"]
[PlyCount "49"]
[EventDate "1999.??.??"]
[EventCountry "NED"]

1. e4 c6 2. d4 d5 3. Nd2 dxe4 4. Nxe4 Bf5 5. Ng3 Bg6 6. h4 h6 7. Nf3 Nf6 8. Ne5
Bh7 9. Bd3 Bxd3 10. Qxd3 e6 11. Bf4 Qa5+ 12. c3 Qa6 13. Qf3 Nbd7 14. Nxd7 Nxd7
({Known is} 14... Kxd7 $5 {(Topalov-Lékó, Tilburg 1998).}) 15. Ne4 Nf6 $1 ({A
risk takes} 15... c5 $6 16. dxc5 Nxc5 {due to} 17. Rd1 $1) 16. Nd6+ (16. Nxf6+
gxf6 {brings little.}) 16... Bxd6 17. Bxd6 Qb5 18. Be5 Qd5 $1 19. Rh3 Qxf3 20.
Rxf3 Ke7 21. O-O-O Rhd8 22. Rg1 h5 23. Re1 Rd7 24. Kc2 Rg8 25. Bf4 {Super trio:
Kasparov 7 1/2, Anand 6, Kramnik 5. Kasparov has won seven games in a row.}
1/2-1/2

[Event "Hoogovens"]
[Site "Wijk aan Zee 61"]
[Date "1999.??.??"]
[Round "9"]
[White "Anand, Viswanathan"]
[Black "Kramnik, Vladimir"]
[Result "1/2-1/2"]
[WhiteElo "2780"]
[BlackElo "2750"]
[Annotator "JvR"]
[PlyCount "54"]
[EventDate "1999.??.??"]
[EventCountry "NED"]

1. e4 e5 2. Nf3 Nf6 3. Nxe5 d6 4. Nf3 Nxe4 5. d4 d5 6. Bd3 Nc6 7. O-O Be7 8.
Re1 Bg4 9. c3 f5 10. Qb3 O-O 11. Nbd2 Na5 12. Qa4 Nc6 13. Bb5 Bh4 14. g3 Bf6
15. Bxc6 bxc6 16. Qxc6 Re8 17. Ne5 Bxe5 18. dxe5 Ng5 19. f4 Nh3+ $1 {Kramnik
brings a novelty.} ({Vladimir had lost with} 19... Re6 $6 20. Qc5 Ne4 21. Nxe4
dxe4 {at the beginning of the year in Shirov-Kramnik, Belgrade 1999.}) 20. Kg2
Rb8 $1 21. c4 $1 ({Part of the preparation is} 21. Nb3 Rb6 $1 22. Qc5 d4 $1 23.
cxd4 $2 Qa8+ {(the point)} 24. d5 Rd8 $19) 21... dxc4 22. Nxc4 Qd3 23. Ne3 ({
The alternative} 23. Nd2 $6 Kh8 $1 24. Qc4 Qd8 $1 25. Re3 Rxb2 26. Rd3 Qa8+ 27.
Qd5 c6 {favours Black.}) 23... Rxb2+ $1 24. Bxb2 Qd2+ 25. Kh1 Nf2+ 26. Kg1 Nh3+
27. Kh1 Nf2+ 1/2-1/2

[Event "Hoogovens"]
[Site "Wijk aan Zee 61"]
[Date "1999.??.??"]
[Round "9"]
[White "Shirov, Alexei"]
[Black "Yermolinsky, Alex"]
[Result "1-0"]
[WhiteElo "2725"]
[BlackElo "2595"]
[Annotator "JvR"]
[PlyCount "47"]
[EventDate "1999.??.??"]
[EventCountry "NED"]

1. e4 c6 2. d4 d5 3. e5 Bf5 4. Nc3 e6 5. g4 Bg6 6. Nge2 c5 7. h4 h5 8. Nf4 Bh7
9. Nxh5 cxd4 10. Nb5 Nc6 11. Nxd4 {The players have applied a razor-sharp
variation of the Caro-Kann.} Nxd4 $6 ({Black should play the active} 11... Nxe5
12. Bb5+ Nd7 13. Bg5 Qa5+ {(Sax-Krizsany, Medulin 1997).}) 12. Qxd4 Ne7 13.
Qa4+ Nc6 14. Bg5 Qa5+ $2 {Black should not exchange the queens.} ({Better is} 
14... Qb6 $1) ({The next line has been played:} 14... Qc7 15. f4 a6 16. Rh3 {
(Trkaljanov-Grant, Ohrid 2001).}) 15. Qxa5 Nxa5 16. f4 Rc8 ({Black avoids} 
16... Bxc2 17. Bb5+ Nc6 18. Rc1 {(Shirov).}) 17. Bb5+ Nc6 18. O-O-O a6 19. Bd3
Bxd3 20. Rxd3 Nb4 21. Rb3 Rxc2+ 22. Kb1 Rg2 23. Rc1 {White attacks on both
flanks.} d4 $2 ({Terrible is} 23... Rxg4 $2 24. Rxb4 $1 Bxb4 25. Rc8+ Kd7 26.
Rxh8) ({The game prolongs} 23... Kd7 24. a3 Rxg4 25. Ng3 Rxg3 26. Rxg3 Nc6 {
(Lukacs).}) 24. a3 1-0

[Event "Hoogovens"]
[Site "Wijk aan Zee 61"]
[Date "1999.??.??"]
[Round "9"]
[White "Sokolov, Ivan"]
[Black "Kasparov, Gary"]
[Result "1-0"]
[WhiteElo "2610"]
[BlackElo "2810"]
[Annotator "JvR"]
[PlyCount "55"]
[EventDate "1999.??.??"]
[EventCountry "NED"]

1. d4 Nf6 2. c4 e6 3. Nc3 Bb4 4. e3 O-O 5. Bd3 d5 6. Nf3 c5 7. O-O Nc6 8. a3
Bxc3 9. bxc3 Qc7 10. Qc2 dxc4 11. Bxc4 e5 12. Bd3 Re8 13. e4 exd4 14. cxd4 Bg4
15. e5 Bxf3 16. exf6 Nxd4 17. Bxh7+ Kh8 18. fxg7+ Kxg7 19. Bb2 Rad8 20. gxf3
Rh8 21. Kh1 Rxh7 ({A good name in correspondence games has} 21... Kf8 $1 22.
Qe4 f5 $1 23. Qh4 Rxh7 24. Qf6+ Ke8 25. Qg6+ Qf7) 22. Rg1+ Kh8 23. Rg3 Qe5 24.
Rag1 Rh4 $4 {Kasparov deviates from the theory with a blunder.} ({Well known is
} 24... Qh5 25. R1g2 f6 26. Qc4 Qf7 {(Porath-Stahlberg, Amsterdam 1954). And
now} 27. Qxc5 $1 Ne2 28. Qg5 Rd1+ 29. Rg1 Nxg3+ 30. fxg3 Rd6 31. Rc1 {(Sokolov)
} Qf8 32. Qf4 Rhd7 33. Be5 Ra6 34. Bb2 Rad6 $11) 25. Qc1 $1 Kh7 $6 ({A strong
defence seems to be} 25... Qh5 $5 26. R1g2 {(Sokolov)} Re8 27. Qg1 Qe5 {
(Tsesarsky), but the rook manoeuvre} 28. Rg5 $1 Qf6 29. Rxc5 Qxf3 30. Rc3 $1 {
crushes all resistance.}) 26. Qb1+ Kh8 27. Qf1 Qe6 28. Qg2 {Kasparov loses
like he often wins: many known moves are followed by a short tactical skirmish.
Super trio: Kasparov 7 1/2, Anand 6 1/2, Kramnik 5 1/2.} 1-0

[Event "Hoogovens"]
[Site "Wijk aan Zee 61"]
[Date "1999.??.??"]
[Round "10"]
[White "Kasparov, Gary"]
[Black "Anand, Viswanathan"]
[Result "1/2-1/2"]
[WhiteElo "2810"]
[BlackElo "2780"]
[Annotator "JvR"]
[PlyCount "43"]
[EventDate "1999.??.??"]
[EventCountry "NED"]

1. d4 d5 2. c4 dxc4 3. Nf3 a6 4. e3 e6 5. Bxc4 c5 6. O-O Nf6 7. Bb3 cxd4 8.
exd4 Nc6 9. Nc3 Be7 10. Re1 O-O 11. Bf4 Na5 12. Bc2 b5 13. d5 $5 exd5 14. Qd3
Nc6 ({Known is} 14... g6 15. Rxe7 $6 Qxe7 16. Bg5 {(Illescas Cordoba-Anand,
Leon 1997).}) 15. Bc7 $1 Qd7 (15... Qxc7 $4 16. Nxd5) 16. Ne5 Nxe5 17. Bxe5 g6
18. Bxf6 {Kasparov simplifies.} Bxf6 19. Nxd5 Bg7 ({Anand fears the activity
of white's pieces after} 19... Bxb2 20. Rad1) 20. a4 (20. Rad1 $1 Kh8 21. Qa3 {
keeps a plus.}) 20... bxa4 21. Bxa4 Qd8 22. Bc6 1/2-1/2

[Event "Hoogovens"]
[Site "Wijk aan Zee 61"]
[Date "1999.??.??"]
[Round "10"]
[White "Kramnik, Vladimir"]
[Black "Timman, Jan"]
[Result "1-0"]
[WhiteElo "2750"]
[BlackElo "2645"]
[Annotator "JvR"]
[PlyCount "81"]
[EventDate "1999.??.??"]
[EventCountry "NED"]

1. Nf3 c5 2. c4 Nf6 3. Nc3 Nc6 4. g3 d5 5. d4 {This move stems from the match
Tal-Timman, Hilversum 1985.} cxd4 6. Nxd4 dxc4 7. Nxc6 Qxd1+ 8. Nxd1 bxc6 9.
Bg2 Nd5 10. Ne3 e6 $5 11. Nxc4 Ba6 12. Na5 $5 ({Theory is} 12. b3 {
(Salov-Timman, Moscow 1992).}) 12... Bc5 $6 ({Black survives in the odd
variation} 12... Bb4+ $1 13. Bd2 Bxd2+ 14. Kxd2 O-O-O $5 15. Nxc6 $5 Nf4+ 16.
Nxd8 Rxd8+ 17. Ke1 Nxg2+ 18. Kf1 Bb7 19. Rg1 Rd2) 13. Bd2 O-O 14. Rc1 Bd4 15.
b4 $1 Bb5 16. Nxc6 Bb2 17. Rc5 Bxc6 18. Rxc6 Rac8 19. Rxc8 Rxc8 20. Bxd5 exd5
21. f4 $1 {White has to develop his rook and keep his king in the centre.} Ba3
22. Rf1 $1 Rc4 23. Rf3 Bxb4 24. Bxb4 Rxb4 25. Ra3 {Black has regained his pawn,
but faces new problems.} h5 $1 ({He has to give up the pawn right away, because
} 25... Rb7 26. Ra5 Rd7 {is too passive (Kramnik).}) 26. Rxa7 Rb2 27. a4 Ra2 $2
(27... g6 $1 {prevents the next move (Kramnik).}) 28. f5 $1 Ra1+ $6 29. Kf2 $6
f6 30. a5 d4 $1 {Black utilises the opportunity to restrict the white king.}
31. Kf3 Kh7 $1 32. a6 Kh6 33. h4 g6 34. fxg6 (34. Ke4 Ra2 $1) 34... Kxg6 35.
Ra8 Ra2 $2 ({The restraint proceeds} 35... Kf5 $1 36. Kf2 $1 (36. a7 Ra2 $1)
36... Ra2 37. Ke1 Kg4 38. a7 Kh3 39. Kd1 {White seems to win (Kramnik), but}
Ra3 40. Kd2 {(White threatens 41.g4)} f5 $1 41. Kc2 Rc3+ 42. Kb2 Rc7 {draws.})
36. Kf4 Kf7 ({The game prolongs} 36... Kg7 $1 37. a7 Kh7 38. g4 $1 hxg4 39.
Kxg4 Ra5 40. h5 Kg7 41. Kf4 Ra2 42. Kf5 Ra6 43. Ke4 Ra4 44. Kd5 f5 45. Ke5 f4
46. Kxf4 d3+ 47. e4 d2 48. Rd8 {(after Kramnik).}) 37. a7 Kg7 38. Kf5 Ra5+ 39.
Ke4 Ra4 40. Kd5 Ra1 41. Kxd4 {White will win the rook ending.  Super trio:
Kasparov 8, Anand 7, Kramnik 6 1/2.} ({Kramnik analyses} 41. Kxd4 Ra4+ 42. Kc5
Ra2 43. e4 Ra1 44. Kb6 Rb1+ 45. Kc6 Rc1+ 46. Kd6 Rd1+ 47. Ke6 Ra1 48. Rd8 Ra6+
49. Rd6 Rxa7 50. Rd7+ Rxd7 51. Kxd7 f5 52. e5) 1-0